The complete cartoons of the New Yorker / (Record no. 2185)

000 -LEADER
fixed length control field 01593nam a22004097a 4500
001 - CONTROL NUMBER
control field 13582834
003 - CONTROL NUMBER IDENTIFIER
control field OSt
005 - DATE AND TIME OF LATEST TRANSACTION
control field 20210414085030.0
008 - FIXED-LENGTH DATA ELEMENTS--GENERAL INFORMATION
fixed length control field 040505s2004 nyua 001 0 eng
010 ## - LIBRARY OF CONGRESS CONTROL NUMBER
LC control number 2004046371
Canceled/invalid LC control number 2004050151
020 ## - INTERNATIONAL STANDARD BOOK NUMBER
International Standard Book Number 1579123228
040 ## - CATALOGING SOURCE
Original cataloging agency DLC
Transcribing agency DLC
Modifying agency DLC
Language of cataloging eng
041 ## - LANGUAGE CODE
Language code of text/sound track or separate title eng
042 ## - AUTHENTICATION CODE
Authentication code pcc
043 ## - GEOGRAPHIC AREA CODE
Geographic area code n-us---
050 00 - LIBRARY OF CONGRESS CALL NUMBER
Classification number NC1428.N47
Item number C66 2004
080 ## - UNIVERSAL DECIMAL CLASSIFICATION NUMBER
Universal Decimal Classification number 7
Item number M-24
082 00 - DEWEY DECIMAL CLASSIFICATION NUMBER
Classification number 741.5/973
Edition number 22
100 ## - MAIN ENTRY--PERSONAL NAME
9 (RLIN) 1398
Personal name Mankoff, Robert
Relator term Editor
245 04 - TITLE STATEMENT
Title The complete cartoons of the New Yorker /
Statement of responsibility, etc. edited by Robert Mankoff ; foreword by David Remnick.
Remainder of title / by: Black Dog and Leventhal Publishers
260 ## - PUBLICATION, DISTRIBUTION, ETC.
Place of publication, distribution, etc. New York
Name of publisher, distributor, etc. Black Dog and Leventhal Publishers
Date of publication, distribution, etc. 2004.
300 ## - PHYSICAL DESCRIPTION
Extent 656 p.
Dimensions ill.
-- 34 cm. +
Accompanying material 2 CD-ROMs (4 3/4 in.)
365 ## - TRADE PRICE
Price amount 60 usd
500 ## - GENERAL NOTE
General note Includes index.
630 00 - SUBJECT ADDED ENTRY--UNIFORM TITLE
Uniform title New Yorker (New York, N.Y. : 1925)
650 #0 - SUBJECT ADDED ENTRY--TOPICAL TERM
Topical term or geographic name entry element Caricatures and cartoons
Geographic subdivision United States.
650 #0 - SUBJECT ADDED ENTRY--TOPICAL TERM
Topical term or geographic name entry element Art
9 (RLIN) 447
650 #0 - SUBJECT ADDED ENTRY--TOPICAL TERM
Topical term or geographic name entry element American wit and humor, Pictorial.
653 ## - INDEX TERM--UNCONTROLLED
Uncontrolled term ხელოვნება
700 1# - ADDED ENTRY--PERSONAL NAME
Personal name Mankoff, Robert.
730 0# - ADDED ENTRY--UNIFORM TITLE
Uniform title New Yorker (New York, N.Y. : 1925)
856 42 - ELECTRONIC LOCATION AND ACCESS
Materials specified Publisher description
Uniform Resource Identifier <a href="http://www.loc.gov/catdir/enhancements/fy0713/2004046371-d.html">http://www.loc.gov/catdir/enhancements/fy0713/2004046371-d.html</a>
856 42 - ELECTRONIC LOCATION AND ACCESS
Materials specified Contributor biographical information
Uniform Resource Identifier <a href="http://www.loc.gov/catdir/enhancements/fy1510/2004046371-b.html">http://www.loc.gov/catdir/enhancements/fy1510/2004046371-b.html</a>
906 ## - LOCAL DATA ELEMENT F, LDF (RLIN)
a 7
b cbc
c orignew
d 1
e ocip
f 20
g y-gencatlg
942 ## - ADDED ENTRY ELEMENTS (KOHA)
Source of classification or shelving scheme
Koha item type Books
Holdings
Withdrawn status Lost status Source of classification or shelving scheme Damaged status Not for loan Permanent location Current location Date acquired Inventory number Total Checkouts Full call number Barcode Date last seen Price effective from Koha item type
          Ken Walker International University Ken Walker International University 03/12/2021 1405   7 M-24 1405 03/12/2021 03/12/2021 Books

Powered by Koha